000 00742nam a2200241 a 4500
001 775
003 BR-CuiBMT
005 20231127202700.0
008 231117s2004 spb 000 0 por d
020 _a8502045504
040 _aBR-CuiBMT
_cBR-CuiBMT
080 _22007
_a351.712:343.2
090 _a351.712:343.2
_bC837d
_c2. ed.
100 1 _aCosta Júnior, Paulo José da,
_d1925-2015
245 1 0 _aDireito penal das licitações :
_bcomentários aos arts. 89 a 99 da Lei n. 8.666, de 21-6-1993 /
_cPaulo José da Costa Jr.
250 _a2. ed.
260 _aSão Paulo :
_bSaraiva,
_c2004.
300 _a74 p. ;
_c21 cm
504 _aInclui bibliografia.
650 _aDireito penal
_zBrasil
650 _aLicitações
942 _2udc
_cLV
999 _c775
_d775